Movies Quiz

Random Movies or Actor Quiz

Leonardo DiCaprio Needs a Job Quiz Stats

 Plays Quiz Updated Nov 11, 2017

Challenge
Share
Tweet
Embed
Score 0/22 Timer 06:00
2 Plays Today
% Correct
Stockbroker
89.3%
Con Artist
88.4%
International Diamond Smuggler
86.3%
Fur Trapper
84.9%
Gang Leader
83.5%
Dream Extractor
82.7%
Plantation Owner
81.3%
King of France
77.4%
Artist
76.6%
High School Athlete
74.9%
FBI Director
74.3%
% Correct
Undercover Police Officer
69.1%
Film Producer
64.2%
College Student
62.5%
Actor
61.1%
Liquor Bootlegger
54%
CIA Operative
52.1%
Gun Shop Owner
47%
U.S. Marshal
37.9%
Computer Salesman
35%
Poet
28.3%
Institutionalized Arsonist
26%

You're not logged in!

Compare scores with friends on all Sporcle quizzes.
OR
Log In

You Might Also Like...

Show Comments

Extras

Top Quizzes Today


Score Distribution

Your Account Isn't Verified!

In order to create a playlist on Sporcle, you need to verify the email address you used during registration. Go to your Sporcle Settings to finish the process.

Report this User

Report this user for behavior that violates our Community Guidelines.

Details: